What do you say? / (Registro nro. 12190)

Detalles MARC
000 -LIDER
fixed length control field 00816cam a2200313 i 4500
001 - NÚMERO DE CONTROL
Identificador de número de control 0000844
003 - IDENTIFICACDOR DE NÚMERO DE CONTROL
control field DO-SdBNP
005 - DATE AND TIME OF LATEST TRANSACTION
control field 20180219104313.0
007 - CAMPOS FIJOS DE DESCRIPCIÓN FÍSICA
fixed length control field 0000844
008 - ELEMENTOS DE LONGITUD FIJA
fixed length control field 100514s 2006 xxu a | |||| 000 f spa
015 ## - NÚMERO DENTRO DE LA BIBLIOGRAFÍA NACIONAL
National bibliography number
017 ## - NÚMERO DE REGISTRO DE DERECHOS DE AUTOR
Copyright or legal deposit number
Assigning agency
020 ## - ISBN
International Standard Book Number 9780764132988
020 ## - ISBN
International Standard Book Number 0764132988
035 ## - NÚMERO LOCAL
System control number
040 ## - FUENTE DE CATALOGACIÓN
Agencia que crea de manera original el registro BPMSU
Idioma de catalogación spa
Agencia que realiza la transcripción BPMSU
Convenciones de la despripción
080 ## - NÚMERO DE CLASIFICACIÓN DECIMAL UNIVERSAL
Universal Decimal Classification number
100 1# - ASIENTO PRINCIPAL -- NOMBRE PERSONAL
Nombre personal Gillis, Jennifer B.
Fechas asociadas con el nombre 1950-
245 10 - MENCIÓN DE TITULO
Título What do you say? /
Medio (Designación general de material)
Mención de responsabilidad Jennifer B. Gillis ; ilustración Ann Losa
260 ## - PUBLICACIÓN, DISTRIBUCIÓN, ETC. (PIE DE IMPRENTA)
Lugar de publicación, distribución, etc Hauppauge, New York :
Nombre del editor, distribuidor, etc. Barron´s,
Fecha de publicación, distribución, etc 2006.
300 ## - DESCRIPCIÓN FÍSICA
Extensión 24 p.:
Otros detalles físicos il.
Dimensiones 23 cm.
490 1# - MENCIÓN DE SERIES
Mención de serie Reader´s clubhouse
500 ## - NOTA GENERAL
Nota general Lever 2.
700 1# - ASIENTO SECUNDARIO -- NOMBRE PERSONAL
Nombre personal Losa, Ann
Mención de responsabilidad il.
830 #0 - ASIENTO SECUNDARIO DE SERIE--TÍTULO UNIFORME
Título uniforme Reader´s clubhouse
942 ## - ADDED ENTRY ELEMENTS (KOHA)
Source of classification or shelving scheme Dewey Decimal Classification
Koha item type Libros
945 ## - INFORMACIÓN DE PROCESAMIENTO LOCAL
Información de procesamiento local Inventariado, 2018 / BT
956 ## - LOCAL ELECTRONIC LOCATION AND ACCESS (OCLC)
Nombre de host YLOCKWARD
Campo enlazado y núm. de secuencia 10
Información de compresión BPMSU
Existencias
Withdrawn status Lost status Source of classification or shelving scheme Damaged status Not for loan Collection code Home library Current library Date acquired Source of acquisition Total Checkouts Barcode Date last seen Price effective from Koha item type
    Dewey Decimal Classification     Colección Infantil General Biblioteca Pública Metropolitana Salomé Ureña Biblioteca Pública Metropolitana Salomé Ureña 11/30/2016 FUNDI   BPMSU16111686 11/30/2016 11/30/2016 Libros